حا فظ -شخص ا و ر شا عر (Record no. 170901)
[ view plain ]
| 000 -LEADER | |
|---|---|
| fixed length control field | 00628nam a22001937a 4500 |
| 005 - DATE AND TIME OF LATEST TRANSACTION | |
| control field | 20191230124706.0 |
| 010 ## - LCCN (DPL NO) | |
| LC control number | B-77911 |
| 020 ## - INTERNATIONAL STANDARD BOOK NUMBER | |
| Terms of availability | 60.00 |
| International Standard Book Number | - |
| 035 ## - SYSTEM CONTROL NUMBER | |
| System control number | B-77911 |
| 037 ## - SOURCE OF ACQUISITION | |
| Source of stock number/acquisition | BPPD |
| 082 ## - DEWEY DECIMAL CLASSIFICATION NUMBER | |
| Classification number | 841.08 |
| 100 ## - MAIN ENTRY--PERSONAL NAME | |
| Personal name | کبير ا حمد جا ءسی |
| 245 ## - TITLE STATEMENT | |
| Title | حا فظ -شخص ا و ر شا عر |
| Statement of responsibility, etc | کبير ا حمد جا ءسی |
| 246 ## - VARYING FORM OF TITLE | |
| Title proper/short title | Hafiz -Shakhs Aur Shair (Urdu) |
| Remainder of title | by Kabir Ahmed Jaisi |
| 260 ## - PUBLICATION, DISTRIBUTION, ETC. (IMPRINT) | |
| Place of publication, distribution, etc | - |
| Date of publication, distribution, etc | 2001 ء |
| Name of publisher, distributor, etc | Khuda Bakhsh Library |
| 270 ## - ADDRESS | |
| Address | Khuda Bakhsh Oriental Public Library , |
| City | Patna |
| Telephone number | - |
| Postal code | 4 |
| 300 ## - PHYSICAL DESCRIPTION | |
| Extent | 143 ص |
| Dimensions | 22 cm(hb) |
| 942 ## - ADDED ENTRY ELEMENTS (KOHA) | |
| Source of classification or shelving scheme | Dewey Decimal Classification |
| Item type | Urdu Bks |
| Classification part | 841.08 |
| Call number suffix | ح ا ف |
| Withdrawn status | Lost status | Not for loan | Collection code | Home library | Current library | Date acquired | Source of acquisition | Cost, normal purchase price | Full call number | Barcode | Copy number | Cost, replacement price | Koha item type |
|---|---|---|---|---|---|---|---|---|---|---|---|---|---|
| Non-fiction | Central Library | Central Library | 30/12/2019 | BPPD/Ven. | 60.00 | 841.08 ح ا ف | B-77911 | 1 | 60.00 | Urdu Bks |
